| 000 | 01239 a2200385 4500 | ||
|---|---|---|---|
| 999 |
_c59934 _d35933 |
||
| 001 | 59934 | ||
| 003 | TR-AnTOB | ||
| 005 | 20230614001317.0 | ||
| 008 | 110628s2000 tu 000 0 d | ||
| 010 | _a2001441235 | ||
| 020 | _a9758567004 | ||
| 035 | _a(DLC) 2001441235 | ||
| 040 |
_aXX-XxUND _cXX-XxUND _dDLC |
||
| 041 | _atur | ||
| 042 |
_alcode _alccopycat |
||
| 043 |
_aac----- _ad------ |
||
| 050 | 0 |
_aHC59.7 _b.B85 2000 |
|
| 090 |
_aHC59.7 _b.B85 2000 |
||
| 100 | 1 |
_aBulutoğlu, Kenan _eauthor _932125 |
|
| 245 | 0 |
_aDünya kazan, ben kepçe : _bzamana ve mekâna yolculuklar / _cKenan Bulutoğlu. |
|
| 264 | 1 |
_aİstanbul : _bTürkeli Yayıncılık, _c2000. |
|
| 300 |
_avii, 389 pages ; _c21 cm. |
||
| 336 |
_atext _btxt _2rdacontent |
||
| 337 |
_aunmediated _bn _2rdamedia |
||
| 338 |
_avolume _bnc _2rdacarrier |
||
| 651 | 0 |
_aTürkiye _xDış ekonomik ilişkiler _918923 |
|
| 651 | 7 |
_aGelişmekte olan ülkeler _xDış ekonomik ilişkiler _2etuturkob _922048 |
|
| 651 | 7 |
_aGelişmekte olan ülkeler _xEkonomik durum _2etuturkob _938104 |
|
| 901 | _a0017575 | ||
| 902 | _aSA | ||
| 906 |
_a7 _bcbc _ccopycat _d3 _encip _f20 _gy-gencatlg |
||
| 942 |
_cBK _2lcc |
||